| 000 | 01530nam a2200433 i 4500 | ||
|---|---|---|---|
| 001 | 81563 | ||
| 003 | BD-RjUL | ||
| 005 | 20230712110730.0 | ||
| 008 | 210511t20212022paua b 001 0 eng u | ||
| 020 | _a 9788131264577 | ||
| 035 | _a(NhCcYBP)17113640 | ||
| 035 | _a(BD-RjUL)81563 | ||
| 040 |
_aNhCcYBP _beng _erda _cNhCcYBP _dUkOxU _dBD-RjUL |
||
| 041 | _aeng | ||
| 082 |
_223 _a616.079 _bABC 2022 |
||
| 100 | 1 |
_aAbbas, Abul K., _eauthor. _97992 |
|
| 245 | 1 | 0 |
_aCellular and molecular immunology / _cAbul K. Abbas, MBBS, Andrew H. Lichtman, MD, PhD, Shiv Pillai, MBBS, PhD ; illustrations by David L. Baker, MA. |
| 250 | _aTenth edition | ||
| 250 | _aSouth Asia Edition | ||
| 264 | 1 |
_aPhiladelphia, Pennsylvania : _bElsevier, _c2021. |
|
| 264 | 4 | _c©2022 | |
| 300 |
_axii, 587 pages : _billustrations (colour) ; _c28 cm |
||
| 336 |
_atext _2rdacontent |
||
| 337 |
_aunmediated _2rdamedia |
||
| 338 |
_avolume _2rdacarrier |
||
| 500 | _aPublication date from publisher's website. | ||
| 500 | _aPrevious edition: 2018. | ||
| 504 | _aIncludes bibliographical references and index. | ||
| 650 | 0 |
_aCellular immunity. _97993 |
|
| 650 | 2 |
_aImmunity, Cellular. _97994 |
|
| 650 | 2 |
_aAntibody Formation _ximmunology. _97995 |
|
| 650 | 2 |
_aAntigens _ximmunology. _97996 |
|
| 650 | 2 |
_aLymphocytes _ximmunology. _97997 |
|
| 650 | 0 |
_aMolecular immunology. _97998 |
|
| 700 | 1 |
_aLichtman, Andrew H., _eauthor. _97999 |
|
| 700 | 1 |
_aPillai, Shiv, _eauthor. _98000 |
|
| 700 | 1 |
_aBaker, David L. _eillustrator. _98001 |
|
| 942 |
_2ddc _cBK |
||
| 999 |
_c81563 _d81563 |
||